A soul's safari (Record no. 6078)

MARC details
000 -LEADER
fixed length control field 00826 a2200229 4500
005 - DATE AND TIME OF LATEST TRANSACTION
control field 2008082508168.0
008 - FIXED-LENGTH DATA ELEMENTS--GENERAL INFORMATION
fixed length control field 080825t xxu||||| |||| 00| 0 eng d
010 ## - LIBRARY OF CONGRESS CONTROL NUMBER
LC control number ENG-87132
020 ## - INTERNATIONAL STANDARD BOOK NUMBER
Terms of availability 50.00 (App.)
035 ## - SYSTEM CONTROL NUMBER
System control number EN--70665
037 ## - SOURCE OF ACQUISITION
Source of stock number/acquisition DBAD / PUB
082 ## - DEWEY DECIMAL CLASSIFICATION NUMBER
Classification number 239.1
100 ## - MAIN ENTRY--PERSONAL NAME
Personal name Pfeifer, Netta
245 ## - TITLE STATEMENT
Title A soul's safari
Statement of responsibility, etc by Netta Pfeifer
250 ## - EDITION STATEMENT
Edition statement 5th ed.
260 ## - PUBLICATION, DISTRIBUTION, ETC. (IMPRINT)
Place of publication, distribution, etc New Delhi
Name of publisher, distributor, etc Science of the Soul Research Centre
Date of publication, distribution, etc 2006
270 ## - ADDRESS
Address Radha Soami Satsang Beas, Guru Ravi Dass Marg, Pusa Road
Postal code 110 005
300 ## - PHYSICAL DESCRIPTION
Extent xix, 216 p.
Dimensions 21 cm ( Hb.)
500 ## - GENERAL NOTE
General note Includes glossary
942 ## - ADDED ENTRY ELEMENTS (KOHA)
Institution code [OBSOLETE] dpl
Koha item type English Books
Call number prefix 239.1 / PFE
Source of classification or shelving scheme Dewey Decimal Classification
Classification part 239.1
Call number suffix PFE
Holdings
Withdrawn status Lost status Damaged status Not for loan Home library Current library Date acquired Cost, normal purchase price Total Checkouts Full call number Barcode Date last seen Copy number Uniform Resource Identifier Cost, replacement price Price effective from Koha item type
        D.B.Act.Division D.B.Act.Division 25/08/2008 50.00   239.1 PFE EN-70665 15/09/2008 1 6653 50.00 15/09/2008 English Books

© Delhi Public Library
Hit Counter
free hit counter